Fallout New Vegas expert quiz - Statistics

General Stats
  • This quiz has been taken 99 times
  • The average score is 5 of 20
Answer Stats
Hint Answer % Correct
Wife of Primm's Johnson Nash: Ruby
55%
Unique weapon carried by Old Lady Gibson: Big Boomer
49%
Only Mojave location with name beginning with a number: 188 Trading Post
37%
Two locations with name containing "Devil": The Devil's Throat
36%
The Devil's Gullet
33%
Name of Gun Runners' merchant robot: Vendortron
32%
Model of bomber plane found at the bottom of Lake Mead: B-29
31%
Veronica's surname: Santangelo
28%
Perk that increases amount of Bottle Caps found in containers: Fortune Finder
27%
Name of the unique Lead Pipe: The Humble Cudgel
23%
Name of Chomps Lewis' daughter: Melissa
22%
Northeastern Mojave NCR camp, attacked by Lakelurks: Camp Guardian
21%
Skill book that boosts Critical Chance by 5%: True Police Stories
21%
Unique version of Scotch, found in Lucky 38 Presidential Suite: Jake Juice
14%
Name of irradiated canyon, south of Nipton: Crescent Canyon
13%
Name of the saloon in Boulder City: Big Horn Saloon
12%
Nickname of Californian rancher Heck Gunderson: Hurricane Heck
10%
Westernmost Mojave location: Charleston Cave
8%
Location of the unique Lead Pipe: Sealed Sewers
8%
First New Vegas trait alphabetically: Built to Destroy
5%
No matching quizzes found
Score Distribution
Percent of People with Each Score
Percentile by Number Answered
Your Score History
You have not taken this quiz